[Event "Coppa del Mondo FIDE 2025"]
[Site "Goa"]
[Date "06.11.2025"]
[Round "1D"]
[White "Grandelius, Nils"]
[Black "Bacrot, Etienne"]
[Result "1-0"]
[WhiteElo "2645"]
[BlackElo "2627"]
[EventDate "2025.11.01"]
[EventType "k.o."]

1. e4 e6 2. d4 d5 3. e5 c5 4. c3 Nc6 5. Nf3 Qb6 6. Bd3 cxd4 7. O-O Bd7 8.
Re1 Nge7 9. h4 a6 10. Nbd2 dxc3 11. bxc3 Ng6 12. Nb3 Qc7 13. Qe2 f6 14.
exf6 gxf6 15. Rb1 Nge5 16. Nxe5 Nxe5 17. Qh5+ Nf7 18. Nd4 e5 19. Nf5 Be6
20. Be3 O-O-O 21. Bb6 Qd7 22. Bxd8 Nxd8 23. Ne3 Bc5 24. Qe2 Rg8 25. Bxa6
Bxe3 26. Bb5 Qg7 27. fxe3 Bh3 28. Rb2 Bxg2 29. Qf2 Bf3+ 30. Kh2 e4 31. Rg1
Qc7+ 32. Rg3 Qd6 33. Be2 Bxe2 34. Rxe2 Nf7 35. Kg2 Rxg3+ 36. Qxg3 Ne5 37.
Qg8+ Kc7 38. Qxh7+ Kc6 39. Rb2 Qb8 40. Qg7 Nc4 41. Qxf6+ Kc5 42. Qe7+ Kc6
43. Qe6+ Kc5 44. Re2 Qf8 45. Qg4 Ne5 46. Qf4 Qg7+ 47. Qg3 Qe7 48. Rf2 Kc4
49. Rf5 Nf3 50. Kh3 Qe6 51. Qc7+ Kd3 52. Qf7 Qc8 53. Qxd5+ Kxe3 54. Qc5+
Qxc5 55. Rxc5 Kf2 56. Rf5 1-0

[Event "Coppa del Mondo FIDE 2025"]
[Site "Goa"]
[Date "06.11.2025"]
[Round "1D"]
[White "Ivic, Velimir"]
[Black "Martinez Alcantara, Jose Eduardo"]
[Result "1/2-1/2"]
[WhiteElo "2628"]
[BlackElo "2644"]
[EventDate "2025.11.01"]
[EventType "k.o."]

1. e4 e5 2. Nf3 Nc6 3. Bc4 Bc5 4. c3 Nf6 5. d3 a6 6. O-O O-O 7. a4 d6 8.
Bg5 h6 9. Bh4 Ba7 10. Nbd2 Be6 11. b4 Qe7 12. Rb1 Nb8 13. Re1 Nbd7 14. d4
Bxc4 15. Nxc4 Qe6 16. Qd3 Rfe8 17. d5 Qe7 18. Ne3 Bxe3 19. Qxe3 a5 20. Ra1
Nb6 21. b5 Nbd7 22. c4 Kh8 23. Ra3 Rg8 24. Qe2 g5 25. Bg3 Nh5 26. Nd2 Ng7
27. f3 b6 28. Bf2 f5 29. exf5 Nxf5 30. Ne4 Raf8 31. Qd2 Qg7 32. h3 Ne7 33.
c5 bxc5 34. Qxa5 Nxd5 35. Qd2 Nf4 36. a5 c4 37. b6 d5 38. Nc5 cxb6 39. Nxd7
Qxd7 40. axb6 Qd6 41. Rae3 Nd3 42. Rxe5 Nxf2 43. Qxf2 Rf6 44. b7 Qb6 45.
Rxd5 Qxb7 46. Rc5 Qb6 47. Rc1 Rf4 48. R5xc4 Qxf2+ 49. Kxf2 Rxc4 50. Rxc4
Kg7 51. h4 Rd8 52. Rc7+ Kg6 53. Rc6+ Kg7 54. h5 Rd1 55. Rc7+ Kg8 56. Ke3
Rg1 57. g4 Ra1 58. Ke4 Ra5 59. Rd7 Rb5 60. Rd5 Rb7 61. Kf5 Kg7 62. Ke6 Rb6+
63. Rd6 Rxd6+ 64. Kxd6 Kf6 65. Kd5 Kf7 66. Kd4 Kf6 67. Kd5 Kf7 68. Ke5 Ke7
69. Kf5 Kf7 70. f4 gxf4 71. Kxf4 Kf6 72. Kf3 Kf7 73. Ke3 Ke7 74. Kd4 Kf6
75. Ke4 Ke6 76. Kf4 Kf6 77. Kg3 Ke7 78. Kg2 Kf7 79. Kf3 Ke7 80. Ke3 Kf7 81.
Kf4 Kf6 82. g5+ 1/2-1/2

[Event "Coppa del Mondo FIDE 2025"]
[Site "Goa"]
[Date "06.11.2025"]
[Round "1D"]
[White "Kollars, Dmitrij"]
[Black "Pranesh, M"]
[Result "0-1"]
[WhiteElo "2642"]
[BlackElo "2630"]
[EventDate "2025.11.01"]
[EventType "k.o."]

1. Nf3 d5 2. g3 c6 3. Bg2 Nf6 4. O-O Bf5 5. c4 dxc4 6. b3 cxb3 7. Qxb3 Qb6
8. Qc4 Qa6 9. Qf4 e6 10. Nc3 Nbd7 11. e4 Bg6 12. Rb1 Nc5 13. Ne5 Bd6 14.
Qe3 Bxe5 15. Qxc5 Nd7 16. Qb4 b6 17. d4 c5 18. dxc5 Nxc5 19. f4 Bxc3 20.
Qxc3 Qd3 21. Qxg7 O-O-O 22. Rb4 Rhg8 23. Qe5 Qc2 24. Rb2 Qc4 25. Be3 Nd3
26. Qf6 Nxb2 27. Qxb2 Qd3 28. Qc1+ Kb8 29. f5 Rc8 30. Qe1 Bh5 31. Bf4+ Kb7
32. e5+ Kb8 33. fxe6 fxe6 34. Be4 Qd4+ 35. Kh1 Bg6 36. Bg2 Rc2 37. Be3 Qd3
38. Bg1 Rxg2 39. Kxg2 Be4+ 40. Kh3 Bf5+ 41. Kg2 Be4+ 42. Kh3 Bf3 43. Qb1
Rg5 44. g4 Bxg4+ 45. Kh4 Rh5+ 46. Kxg4 Qh3+ 47. Kf4 Rf5+ 48. Ke4 Rxf1 0-1

[Event "Coppa del Mondo FIDE 2025"]
[Site "Goa"]
[Date "06.11.2025"]
[Round "1D"]
[White "Tari, Aryan"]
[Black "Pranav, V"]
[Result "1/2-1/2"]
[WhiteElo "2631"]
[BlackElo "2641"]
[EventDate "2025.11.01"]
[EventType "k.o."]

1. Nf3 Nf6 2. g3 d5 3. Bg2 e6 4. O-O Be7 5. c4 O-O 6. d3 a6 7. b3 b5 8.
cxd5 Nxd5 9. Bb2 Bb7 10. d4 Nd7 11. Nbd2 c5 12. e4 N5f6 13. Qe2 Rc8 14. e5
Nd5 15. Ne4 c4 16. bxc4 bxc4 17. Rfc1 N7b6 18. Nc5 Bc6 19. Ba3 c3 20. Rab1
Bb5 21. Qe4 Nc4 22. Nb7 Qc7 23. Bxe7 Qxe7 24. Nc5 Ncb6 25. Bf1 Bxf1 26.
Kxf1 h6 27. Ne1 Nc4 28. Nf3 Ncb6 29. Qe2 Rfd8 30. Qxa6 Ra8 31. Qe2 Ra7 32.
Ne4 Rda8 33. Nxc3 Nxc3 34. Rxc3 Rxa2 35. Rc2 Rxc2 36. Qxc2 Nd5 37. h4 Qa3
38. Kg2 Qc3 39. Qe4 Qc8 40. Rb2 Ra1 41. h5 Ne7 42. g4 g5 43. hxg6 Nxg6 44.
Rc2 Qa6 45. Kg3 Qf1 46. Re2 Ra3 47. Re1 Qc4 48. Re3 Ra2 49. Qb1 Kg7 50. Rc3
Qxc3 51. Qxa2 Nh4 52. Kxh4 Qxf3 53. Qd2 Qg2 54. Qf4 Qh1+ 55. Kg3 Qg1+ 56.
Kf3 Qh1+ 57. Ke2 Qg2 58. Qf3 Qg1 59. Qe4 Qa1 60. Qf4 Qg1 61. Kd2 Kg8 62.
Qf3 Qa1 63. Qe4 Qf1 64. Qe2 Qg1 65. Ke3 Qc1+ 66. Ke4 Qh1+ 67. f3 Qc1 68.
Kd3 Qb1+ 69. Qc2 Qf1+ 70. Ke3 Qg1+ 71. Ke4 Kg7 72. Qd2 Qb1+ 73. Kf4 Qf1 74.
Qe3 Qg2 75. Qe1 Qh2+ 76. Ke3 Qg2 77. Qd1 Qh2 78. Ke4 Qa2 79. Ke3 Qh2 80.
Qa1 Qc2 81. Qg1 Qc3+ 82. Kf4 Qd2+ 83. Kg3 Qd3 84. Qf2 Kg6 85. Kh4 Qd1 86.
f4 Qd3 87. Qg1 Qf3 88. Qh2 h5 89. gxh5+ Qxh5+ 90. Kg3 Qxh2+ 91. Kxh2 Kf5
92. Kg3 Ke4 93. Kg4 Kxd4 94. Kf3 Kd3 95. f5 Kd4 96. Kf4 Kd5 97. fxe6 fxe6
98. Kf3 Kxe5 1/2-1/2

[Event "Coppa del Mondo FIDE 2025"]
[Site "Goa"]
[Date "06.11.2025"]
[Round "1D"]
[White "Sadhwani, Raunak"]
[Black "Hovhannisyan, Robert"]
[Result "0-1"]
[WhiteElo "2641"]
[BlackElo "2633"]
[EventDate "2025.11.01"]
[EventType "k.o."]

1. Nf3 d5 2. b3 Nf6 3. Bb2 Bf5 4. g3 Nc6 5. Bg2 Qd7 6. O-O Bh3 7. Bxh3 Qxh3
8. c4 d4 9. b4 Ng4 10. Qa4 h5 11. Bxd4 h4 12. Nc3 O-O-O 13. Be3 Nce5 14.
Rfc1 hxg3 15. fxg3 Nxf3+ 16. exf3 Qxh2+ 17. Kf1 Nxe3+ 0-1

[Event "Coppa del Mondo FIDE 2025"]
[Site "Goa"]
[Date "06.11.2025"]
[Round "1D"]
[White "Vokhidov, Shamsiddin"]
[Black "Chigaev, Maksim"]
[Result "1-0"]
[WhiteElo "2640"]
[BlackElo "2634"]
[EventDate "2025.11.01"]
[EventType "k.o."]

1. e4 e5 2. Nf3 Nc6 3. Bb5 a6 4. Ba4 g6 5. d4 exd4 6. Nxd4 Bg7 7. Nxc6 bxc6
8. Nc3 Ne7 9. Bg5 h6 10. Be3 O-O 11. Qd2 Kh7 12. Bd4 f6 13. O-O d6 14. Rad1
Be6 15. Bb3 Qc8 16. Rfe1 Rb8 17. Bxe6 Qxe6 18. b3 Rbe8 19. f3 c5 20. Bf2
Qf7 21. Nd5 Nc6 22. Qd3 Ra8 23. f4 a5 24. c3 Rfe8 25. Qb5 Qd7 26. Bxc5 a4
27. b4 f5 28. e5 Nxe5 29. Qxd7 Nxd7 30. Nxc7 Rxe1+ 31. Rxe1 Rd8 32. Bd4
Bxd4+ 33. cxd4 Nb6 34. b5 g5 35. Rc1 gxf4 36. Rc6 Rb8 37. Kf2 Rb7 38. Kf3
Nc8 39. Nd5 Rxb5 40. Rc7+ 1-0

[Event "Coppa del Mondo FIDE 2025"]
[Site "Goa"]
[Date "06.11.2025"]
[Round "1E"]
[White "Praggnanandhaa, R"]
[Black "Kuybokarov, Temur"]
[Result "0-1"]
[WhiteElo "2771"]
[BlackElo "2535"]
[EventDate "2025.11.01"]
[EventType "k.o."]

1. e4 e5 2. Nf3 Nc6 3. Bc4 Bc5 4. O-O Nf6 5. d3 d6 6. c3 a5 7. Bb3 h6 8.
Nbd2 O-O 9. h3 Be6 10. Bc2 d5 11. exd5 Bxd5 12. Re1 Re8 13. Qe2 Nh5 14. Nf1
Qf6 15. N1h2 Ng3 16. Qd1 e4 17. Ng4 Qd8 18. dxe4 Bxe4 19. Be3 Qxd1 20. Bxd1
Bxe3 21. Nxe3 Nh5 22. Nd2 Bg6 23. Ndc4 Ne5 24. Nxe5 Rxe5 25. Bf3 Nf4 26.
Nc4 Rc5 27. Ne5 Bf5 28. Rad1 a4 29. Rd4 g5 30. Bxb7 Re8 31. Nf3 Rxe1+ 32.
Nxe1 Ne2+ 33. Kf1 Nxd4 34. cxd4 Rc1 35. Ba6 Rb1 36. b3 a3 37. Bc4 Rb2 38.
b4 Rxb4 0-1

[Event "Coppa del Mondo FIDE 2025"]
[Site "Goa"]
[Date "06.11.2025"]
[Round "1E"]
[White "Blohberger, Felix"]
[Black "Yu, Yangyi"]
[Result "1/2-1/2"]
[WhiteElo "2513"]
[BlackElo "2720"]
[EventDate "2025.11.01"]
[EventType "k.o."]

1. d4 Nf6 2. c4 e6 3. Nf3 d5 4. Nc3 c6 5. cxd5 exd5 6. Bg5 Be7 7. Qb3 Qb6
8. e3 Bf5 9. Be2 Nbd7 10. h3 Bd6 11. g3 Ne4 12. Nxe4 Bxe4 13. O-O h6 14.
Bf4 Bxf4 15. Qxb6 axb6 16. gxf4 g5 17. fxg5 hxg5 18. Kg2 Ke7 19. Kg3 Bxf3
20. Bxf3 f5 21. a4 Kd6 22. b3 Rh4 23. Kg2 Nf6 24. b4 Rah8 25. Rh1 Ne4 26.
a5 bxa5 27. Bxe4 fxe4 28. bxa5 g4 29. Rhb1 gxh3+ 30. Kh2 R4h7 31. Rb6 Rf8
32. Ra2 Rg7 33. a6 bxa6 34. Rc2 Rc8 35. Rxa6 Rg2+ 36. Kh1 Rc7 37. Rb6 Kd7
38. Rcb2 Ke6 39. Rc2 Kf5 40. Rb8 Ke6 41. Rh8 Rcg7 42. Rxc6+ Kd7 43. Rhc8
R7g6 44. R8c7+ Ke8 45. Rxg6 Rxg6 46. Rc5 Rg5 47. Kh2 Rh5 48. Rc7 Rf5 49.
Kxh3 Rxf2 50. Kg4 Rf3 51. Rc5 Rxe3 52. Rxd5 Re1 53. Kf4 Ke7 54. Re5+ Kd6
55. Rxe4 Rxe4+ 56. Kxe4 Ke6 57. d5+ Kd6 58. Kd4 Kd7 59. Ke5 Ke7 60. d6+ Kd7
61. Kd5 Kd8 62. Ke6 Ke8 63. d7+ Kd8 64. Kd6 1/2-1/2

[Event "Coppa del Mondo FIDE 2025"]
[Site "Goa"]
[Date "06.11.2025"]
[Round "1E"]
[White "Dubov, Daniil"]
[Black "Bai, Jinshi"]
[Result "1-0"]
[WhiteElo "2684"]
[BlackElo "2590"]
[EventDate "2025.11.01"]
[EventType "k.o."]

1. Nf3 d5 2. d4 Nf6 3. c4 c6 4. cxd5 cxd5 5. Nc3 Nc6 6. Bf4 a6 7. Qb3 e6 8.
e3 Nh5 9. Bg5 f6 10. Bh4 g5 11. Bg3 Bg7 12. Be2 g4 13. Bh4 gxf3 14. Bxf3
Nf4 15. exf4 O-O 16. Rd1 Qe8 17. f5 exf5+ 18. Ne2 Be6 19. O-O Na5 20. Qb4
Qd8 21. Nf4 Bf7 22. Rfe1 Rc8 23. Ne6 Bxe6 24. Rxe6 Kh8 25. h3 Rc4 26. Qd6
Nc6 27. Qf4 Ne5 28. Qxf5 Nxf3+ 29. Qxf3 Qd7 30. Rxf6 Rg8 31. b3 Rcc8 32.
Qf5 Qxf5 33. Rxf5 Rc2 34. Rxd5 Rxa2 35. Rd7 b5 36. d5 a5 37. d6 a4 38. bxa4
Rxa4 39. Be7 Be5 40. Rb7 1-0

[Event "Coppa del Mondo FIDE 2025"]
[Site "Goa"]
[Date "06.11.2025"]
[Round "1E"]
[White "Sargsyan, Shant"]
[Black "Cori, Jorge"]
[Result "1-0"]
[WhiteElo "2667"]
[BlackElo "2594"]
[EventDate "2025.11.01"]
[EventType "k.o."]

1. e4 c5 2. Nf3 d6 3. d4 cxd4 4. Nxd4 Nf6 5. Nc3 Nc6 6. Bg5 e6 7. Qd2 a6 8.
O-O-O Bd7 9. Kb1 Be7 10. Nxc6 Bxc6 11. f3 Qc7 12. h4 b5 13. Ne2 d5 14. e5
Nd7 15. Bxe7 Kxe7 16. Qb4+ Ke8 17. f4 a5 18. Qe1 Nc5 19. Nd4 Bd7 20. h5 h6
21. Rh3 b4 22. c4 Kf8 23. Rc1 Rc8 24. cxd5 exd5 25. f5 Qb6 26. Qe3 Kg8 27.
g4 a4 28. Bg2 Ne4 29. Rxc8+ Bxc8 30. Bxe4 dxe4 31. Qxe4 Bb7 32. Qd3 Ba6 33.
Qe4 Bb7 34. Qd3 Ba6 35. Qe3 Kh7 36. g5 hxg5 37. h6 g6 38. e6 b3 39. Qe5
bxa2+ 40. Ka1 Rg8 41. exf7 1-0

[Event "Coppa del Mondo FIDE 2025"]
[Site "Goa"]
[Date "06.11.2025"]
[Round "1E"]
[White "Karthikeyan, Murali"]
[Black "Idani, Pouya"]
[Result "1/2-1/2"]
[WhiteElo "2662"]
[BlackElo "2601"]
[EventDate "2025.11.01"]
[EventType "k.o."]

1. e4 c5 2. Nc3 d6 3. Nge2 Nf6 4. g3 Nc6 5. Bg2 g6 6. d4 cxd4 7. Nxd4 Nxd4
8. Qxd4 Bg7 9. Be3 O-O 10. Qd2 Ng4 11. Bf4 Be6 12. O-O Rc8 13. Nd5 Bxd5 14.
exd5 Bxb2 15. Rab1 Bc3 16. Qe2 Qd7 17. Bh3 f5 18. Rfd1 Bf6 19. c4 b6 20.
Rb5 Rc7 21. a4 Rfc8 22. Rc1 h5 23. Bxg4 fxg4 24. a5 bxa5 25. Rxa5 Rb7 26.
Be3 Rcc7 27. Qd3 Qf5 28. Qxf5 gxf5 29. c5 dxc5 30. Rcxc5 Rd7 31. Rc8+ Kf7
32. Ra8 Bc3 33. R5xa7 Rxa7 34. Rxa7 Rxd5 35. Bg5 Bb4 36. Kg2 Re5 37. Ra2
Kg6 38. Be3 Re6 39. h3 Bc3 40. Ra8 Bf6 41. Ra5 Rc6 42. hxg4 hxg4 43. Ra4
Rc2 44. Bd4 Bg5 45. Ra6+ Kf7 46. Ra5 e6 47. Ra7+ Ke8 48. Rb7 Be7 49. Rb8+
Kd7 50. Rb7+ Rc7 51. Rxc7+ Kxc7 52. Kf1 Kc6 53. Ke2 Kd5 54. Bb6 Bc5 55. Bc7
Ke4 56. Bb8 Bb6 57. Bd6 Kd5 58. Be7 e5 59. Bg5 Bc5 60. Bh6 Ke4 61. Bd2 Bd4
62. Bc1 Kd5 63. Bg5 Bc5 64. Bh6 Bd6 65. Bd2 Ke6 66. Bc1 Be7 67. Bd2 e4 68.
Be3 Kf6 69. Bd2 Kg6 70. Bf4 Bg5 71. Bc7 Kf7 72. Bd6 Ke6 73. Bc7 Kd7 74. Be5
Kc6 75. Bb8 Bh6 76. Be5 Kd5 77. Bc7 e3 78. fxe3 Ke4 79. Bb6 Bf8 80. Ba7 Bd6
81. Kf2 Kd3 82. Bb6 Bb4 83. Ba7 Bd2 84. Bb6 Bc1 85. Bc5 Bb2 86. Bb6 Ba3 87.
Ba7 Bd6 88. Bb6 Kc4 89. Ba7 Be5 90. Bb6 Kb5 91. Bd8 Bd6 92. Bf6 Bc5 93. Ke2
Kc4 94. Be5 Kd5 95. Bf6 Ke4 96. Bg5 Bd6 97. Kf2 Kd3 98. Bh6 Bc5 99. Bf4 Kd2
100. Bg5 Kd1 101. Bh6 Bb4 102. Bf4 Bd2 103. Bc7 Be1+ 104. Kf1 Bb4 105. Bf4
Bc5 106. Bg5 Bd6 107. Kf2 Kc2 108. Bh6 Kd3 109. Bg5 Ke4 110. Bh6 Be7 111.
Bf4 Bf6 112. Bc7 Be5 113. Bxe5 Kxe5 114. Ke1 Kd5 115. Kd1 Kc5 116. Kc2 Kd6
117. Kd2 Ke5 118. Ke1 Kd5 119. Kd1 Kd6 120. Kd2 Kc5 121. Kc3 Kd5 122. Kd3
Ke5 123. Kd2 Ke4 124. Ke2 1/2-1/2

[Event "Coppa del Mondo FIDE 2025"]
[Site "Goa"]
[Date "06.11.2025"]
[Round "1E"]
[White "Svane, Rasmus"]
[Black "Mamedov, Rauf"]
[Result "1-0"]
[WhiteElo "2614"]
[BlackElo "2655"]
[EventDate "2025.11.01"]
[EventType "k.o."]

1. d4 Nf6 2. Nf3 g6 3. Nbd2 d5 4. b3 Bg7 5. Bb2 O-O 6. e3 b6 7. Be2 Bb7 8.
O-O Nbd7 9. a4 a5 10. Rc1 c5 11. Bb5 Ne4 12. Qe2 Rc8 13. c4 Nd6 14. Rfd1
cxd4 15. exd4 Nxb5 16. axb5 Re8 17. h3 e6 18. Qe3 Qe7 19. Ne5 Red8 20. Ndf3
Nxe5 21. Nxe5 dxc4 22. bxc4 Qh4 23. d5 exd5 24. Qxb6 Qe7 25. Re1 Rd6 26.
Nc6 Qd7 27. Bxg7 Kxg7 28. Qd4+ Kh6 29. Ne5 1-0

[Event "Coppa del Mondo FIDE 2025"]
[Site "Goa"]
[Date "06.11.2025"]
[Round "1E"]
[White "Narayanan, S.L."]
[Black "Vitiugov, Nikita"]
[Result "1/2-1/2"]
[WhiteElo "2617"]
[BlackElo "2654"]
[EventDate "2025.11.01"]
[EventType "k.o."]

1. d4 Nf6 2. c4 e6 3. Nf3 d5 4. Nc3 Be7 5. Bf4 O-O 6. Qc2 c5 7. dxc5 Na6 8.
Rd1 Qa5 9. cxd5 Nb4 10. Qa4 Ne4 11. e3 Qxa4 12. Nxa4 Nxd5 13. Bd3 Nxc5 14.
Nxc5 Bxc5 15. Bg3 Bd7 16. a3 Ba4 17. Rc1 Rfc8 18. Ke2 Be7 19. e4 Nf6 20.
Bh4 Kf8 21. h3 Nd7 22. Bxe7+ Kxe7 23. Ke3 Nc5 24. Bb1 Nb3 25. Rxc8 Rxc8 26.
Nd2 Nxd2 27. Kxd2 e5 28. Bd3 Bb3 29. h4 h5 30. g3 g6 1/2-1/2

[Event "Coppa del Mondo FIDE 2025"]
[Site "Goa"]
[Date "06.11.2025"]
[Round "1E"]
[White "Rodshtein, Maxim"]
[Black "Sargissian, Gabriel"]
[Result "0-1"]
[WhiteElo "2647"]
[BlackElo "2624"]
[EventDate "2025.11.01"]
[EventType "k.o."]

1. c4 e6 2. Nc3 d5 3. d4 Nf6 4. cxd5 exd5 5. Bg5 Be7 6. e3 O-O 7. Bd3 Re8
8. Nf3 h6 9. Bf4 c5 10. O-O Nc6 11. dxc5 Bxc5 12. h3 d4 13. Na4 Bd6 14.
Bxd6 Qxd6 15. Bb5 Bd7 16. Nc3 Qb4 17. Bxc6 Bxc6 18. Nxd4 Qxb2 19. Qb3 Qxb3
20. axb3 Rec8 21. Rfc1 Bd7 22. Ncb5 Rxc1+ 23. Rxc1 Ne8 24. Kf1 a6 25. Nc3
Rc8 26. Ke2 Nf6 27. Kd2 Kf8 28. f3 Ng8 29. Ra1 Ne7 30. e4 Nc6 31. Nce2 Nb4
32. g4 g6 33. h4 Rc5 34. Nf4 Ke7 35. Nd3 Nxd3 36. Kxd3 a5 37. Rb1 b5 38. b4
axb4 39. Rxb4 g5 40. h5 Kf6 41. Nb3 Rc4 42. Rxc4 bxc4+ 43. Kxc4 Be6+ 44.
Kc3 Bxb3 45. Kxb3 Ke5 46. Kc4 Kf4 47. Kd5 Kxf3 48. Ke5 Kxg4 49. Kf6 Kf4 50.
Kxf7 0-1

[Event "Coppa del Mondo FIDE 2025"]
[Site "Goa"]
[Date "06.11.2025"]
[Round "1E"]
[White "Cheparinov, Ivan"]
[Black "Adams, Michael"]
[Result "0-1"]
[WhiteElo "2626"]
[BlackElo "2646"]
[EventDate "2025.11.01"]
[EventType "k.o."]

1. e4 e5 2. Nf3 Nc6 3. Bb5 a6 4. Ba4 Nf6 5. O-O Be7 6. d3 d6 7. c3 O-O 8.
Re1 Re8 9. h3 h6 10. Nbd2 Bf8 11. Nf1 b5 12. Bb3 Na5 13. Bc2 c5 14. d4 cxd4
15. cxd4 exd4 16. Nxd4 Bb7 17. Ng3 Rc8 18. Bf4 Nc4 19. b3 Ne5 20. Nf3 Nxf3+
21. gxf3 Nd7 22. Nf5 Ne5 23. Bxe5 dxe5 24. Qxd8 Rexd8 25. Ne3 Rd2 26. Red1
Rdxc2 27. Nxc2 Rxc2 28. Rac1 Rc8 29. Rxc8 Bxc8 30. Kg2 b4 31. Rd8 Be6 32.
Ra8 h5 33. Rxa6 h4 34. Rb6 Be7 35. Rb7 Bd6 36. Rb6 Be7 37. Rb7 Bf8 38. Rb6
g6 39. Rb5 f6 40. Rb7 Bf7 41. Rb5 Kg7 42. Rb7 Bc5 43. Rb5 Be7 44. Rb7 Kf8
45. Rb8+ Be8 46. Rb6 Kf7 47. Rb7 Ke6 48. Rb6+ Bd6 49. Rb7 Bd7 50. Rb6 Bc8
51. Rb5 Kd7 52. Ra5 Bb7 53. Ra4 Kc7 0-1

[Event "Coppa del Mondo FIDE 2025"]
[Site "Goa"]
[Date "06.11.2025"]
[Round "1E"]
[White "Ivic, Velimir"]
[Black "Martinez Alcantara, Jose Eduardo"]
[Result "1/2-1/2"]
[WhiteElo "2628"]
[BlackElo "2644"]
[EventDate "2025.11.01"]
[EventType "k.o."]

1. e4 e5 2. Nf3 Nc6 3. Bc4 Bc5 4. d3 Nf6 5. Bg5 h6 6. Bh4 Be7 7. Bg3 d6 8.
a4 O-O 9. a5 a6 10. c3 Nh5 11. Nxe5 Nxg3 12. Nxc6 bxc6 13. hxg3 d5 14. Ba2
Rb8 15. Qc2 f5 16. Nd2 fxe4 17. dxe4 Kh8 18. Nf3 Bc5 19. O-O-O Qf6 20. e5
Qf5 21. Qd2 Qf7 22. Rh4 Bf5 23. Rdh1 Kg8 24. Rf4 g5 25. g4 gxf4 26. gxf5
Qxf5 27. Rxh6 Kg7 28. Rxc6 Be7 29. Nd4 Qh5 30. Rxc7 Qxe5 31. Qd1 f3 32.
gxf3 Rf7 33. Rc6 Rf6 34. Qg1+ Kf8 35. Rxf6+ Bxf6 36. Qg4 Qe1+ 37. Kc2 Qxf2+
38. Kd3 Qf1+ 39. Kc2 Qf2+ 40. Kd3 Qf1+ 41. Kc2 Qf2+ 1/2-1/2

[Event "Coppa del Mondo FIDE 2025"]
[Site "Goa"]
[Date "06.11.2025"]
[Round "1F"]
[White "Kuybokarov, Temur"]
[Black "Praggnanandhaa, R"]
[Result "0-1"]
[WhiteElo "2535"]
[BlackElo "2771"]
[EventDate "2025.11.01"]
[EventType "k.o."]

1. e4 g6 2. d4 Bg7 3. Nf3 a6 4. Bc4 b5 5. Bb3 Bb7 6. Qe2 d6 7. a4 b4 8. Qc4
e6 9. Ng5 Qc8 10. d5 exd5 11. exd5 Nf6 12. Qxb4 h6 13. Ne4 Nxd5 14. Qd2 Ne7
15. Qe2 O-O 16. O-O Nf5 17. Qd3 Nd7 18. Nbc3 Re8 19. Bf4 Ne5 20. Qd1 Rb8
21. Nd5 Qd8 22. c3 a5 23. Re1 Ba6 24. Ng3 Nxg3 25. Bxg3 c6 26. Nf4 Qb6 27.
Ba2 Qxb2 28. Qxd6 Qxc3 29. Red1 Rb2 30. h3 Bf8 31. Qf6 Nf3+ 0-1

[Event "Coppa del Mondo FIDE 2025"]
[Site "Goa"]
[Date "06.11.2025"]
[Round "1F"]
[White "Yu, Yangyi"]
[Black "Blohberger, Felix"]
[Result "1/2-1/2"]
[WhiteElo "2720"]
[BlackElo "2513"]
[EventDate "2025.11.01"]
[EventType "k.o."]

1. c4 Nf6 2. Nc3 e5 3. Nf3 Nc6 4. d3 d5 5. cxd5 Nxd5 6. e4 Nxc3 7. bxc3 Bd6
8. Be2 O-O 9. O-O h6 10. a4 Bd7 11. Be3 Qe7 12. Re1 b6 13. Qc2 Rfe8 14. h3
Rad8 15. Rad1 Bc5 16. Bf1 Bxe3 17. Rxe3 Qa3 18. Ree1 Na5 19. Ra1 Qb3 20.
Qc1 Qe6 21. Qb2 Qb3 22. Qc1 Qe6 23. Qb2 Qb3 24. Qc1 1/2-1/2

[Event "Coppa del Mondo FIDE 2025"]
[Site "Goa"]
[Date "06.11.2025"]
[Round "1F"]
[White "Bai, Jinshi"]
[Black "Dubov, Daniil"]
[Result "0-1"]
[WhiteElo "2590"]
[BlackElo "2684"]
[EventDate "2025.11.01"]
[EventType "k.o."]

1. c4 e6 2. Nc3 c5 3. Nf3 Nf6 4. d4 cxd4 5. Nxd4 d5 6. Bf4 Nbd7 7. Nf3 Bb4
8. Qc2 O-O 9. e3 b6 10. Be2 Ba6 11. O-O Bxc3 12. Qxc3 Bxc4 13. Bxc4 Rc8 14.
Qa3 dxc4 15. Qxa7 Nc5 16. b4 Nd3 17. Qa4 Nd5 18. Bg5 f6 19. Bh4 N5xb4 20.
a3 Nd5 21. Qc2 e5 22. Rfb1 Qc7 23. Rb5 Qc6 24. Rab1 Rfd8 25. Nd2 c3 26. Nf3
Qc4 27. h3 Nc5 28. Bg3 Qd3 29. Ne1 Qxc2 30. Nxc2 Ne7 31. Ne1 Rd2 32. Rc1
Ne4 33. Bxe5 fxe5 34. Rxe5 Nxf2 35. Rxe7 c2 36. Kh2 Nd3 37. Rd7 Rxg2+ 38.
Kxg2 Nxc1 39. Rd2 Nb3 40. Rxc2 Rxc2+ 41. Nxc2 Kf7 42. Kf3 Ke6 43. Ke4 g5
44. Nb4 h5 45. Nc6 Nd2+ 46. Kd3 Nf3 47. Ke4 Nd2+ 48. Kd3 Nf3 49. Ke4 Ng1
50. h4 gxh4 51. Nd4+ Kf6 52. Kf4 Nh3+ 53. Kf3 Ng5+ 54. Kf2 Ke5 55. Ne2 Ne4+
56. Kg2 Nd6 57. Kh3 Nc4 58. a4 Nxe3 59. Kxh4 Nd5 60. Kxh5 Ke4 61. Kg5 Kd3
62. Nc1+ Kc2 63. Ne2 Nc3 64. Nd4+ Kd3 65. a5 bxa5 66. Nb3 Ne4+ 67. Kf4 a4
68. Nc1+ Kc2 69. Na2 Kb2 70. Nb4 Nc5 71. Ke3 Kb3 72. Nc6 a3 73. Kd2 a2 74.
Nd4+ Kb2 75. Nc2 Nb3+ 76. Kd1 Kc3 0-1

[Event "Coppa del Mondo FIDE 2025"]
[Site "Goa"]
[Date "06.11.2025"]
[Round "1F"]
[White "Cori, Jorge"]
[Black "Sargsyan, Shant"]
[Result "1/2-1/2"]
[WhiteElo "2594"]
[BlackElo "2667"]
[EventDate "2025.11.01"]
[EventType "k.o."]

1. c4 e6 2. Nf3 d5 3. g3 Nf6 4. Bg2 Be7 5. O-O O-O 6. d3 h6 7. Nc3 d4 8.
Nb1 Nc6 9. Bf4 Nd7 10. Na3 e5 11. Bc1 Re8 12. Nc2 a5 13. b3 Nc5 14. Nd2 Bf5
15. Rb1 Bf8 16. Ne4 Bxe4 17. Bxe4 Nxe4 18. dxe4 Qd7 19. a3 Qe6 20. Qd3 b6
21. Kg2 Nd8 22. e3 Nb7 23. exd4 exd4 24. Nxd4 Qxe4+ 25. Qxe4 Rxe4 26. Nb5
c6 27. Nc3 Re6 28. Rd1 Rd6 29. Be3 Rxd1 30. Rxd1 Bxa3 31. Bxb6 Nc5 32. Na4
Nxa4 33. bxa4 Bb4 34. f4 Re8 35. Kf3 f5 36. Rd7 Re4 37. Bd4 g5 38. h3 c5
39. Be5 gxf4 40. Bxf4 Rxc4 41. Bxh6 Bc3 42. Rd5 Kf7 43. Be3 Rxa4 44. Rxf5+
Ke6 45. Rxc5 Be5 46. g4 Ra3 47. Ke4 Ra4+ 48. Kf3 Ra3 49. Rc4 Kd5 50. Rc8
Ra1 51. g5 a4 52. Rc5+ Ke6 53. Ke4 Bb2 54. Rc6+ Kd7 55. Ra6 a3 56. h4 a2
57. Ra7+ Ke6 58. Ra6+ Kd7 59. g6 Bc3 60. Ra7+ Ke6 61. Ra6+ Kd7 62. h5 Rh1
63. Ra7+ Ke6 64. Ra6+ Kd7 65. h6 a1=Q 66. Rxa1 Rxa1 67. Bd4 Ra4 68. g7
Rxd4+ 69. Kf5 Rd5+ 70. Kf4 Rd4+ 71. Kf3 Rd3+ 72. Kf4 Rd4+ 73. Kf5 Rd5+ 74.
Kf4 Rd4+ 1/2-1/2

[Event "Coppa del Mondo FIDE 2025"]
[Site "Goa"]
[Date "06.11.2025"]
[Round "1F"]
[White "Idani, Pouya"]
[Black "Karthikeyan, Murali"]
[Result "1/2-1/2"]
[WhiteElo "2601"]
[BlackElo "2662"]
[EventDate "2025.11.01"]
[EventType "k.o."]

1. e4 c5 2. Nf3 Nc6 3. d4 cxd4 4. Nxd4 e5 5. Nb5 d6 6. c4 g6 7. Bd3 a6 8.
N5c3 Bg7 9. Nd5 Nf6 10. O-O Nxd5 11. cxd5 Nd4 12. Be3 O-O 13. Nd2 Bd7 14.
Rc1 h5 15. Nb3 Ba4 16. Bxd4 exd4 17. Qd2 Qb6 18. Qa5 Qxa5 19. Nxa5 Bb5 20.
Bxb5 axb5 21. Nxb7 Rxa2 22. Nxd6 Rxb2 23. f4 d3 24. e5 d2 25. Rb1 Rxb1 26.
Rxb1 g5 27. Ne4 Rd8 28. d6 gxf4 29. Nxd2 Bxe5 30. Rxb5 Rxd6 31. Rxe5 Rxd2
32. Rxh5 Kg7 33. Rf5 Rd4 34. Kf2 Kg6 35. Ra5 Rd3 36. Ke2 Re3+ 37. Kf2 Rb3
38. Rd5 f6 39. Ke2 Re3+ 40. Kf2 Rb3 41. Rc5 Ra3 42. Ke2 Rb3 43. Ra5 f3+ 44.
gxf3 Rb2+ 1/2-1/2